000
00354nam a2200157 4500
008
190319s1987||||xo d
100
1
_a
Pilková Sona
_9
970
245
1
0
_a
Hráme sa pre radost
250
_a
1. vydanie
260
_b
Smena
_a
Bratislava
_c
1987
300
_a
107 s.
020
_c
0
041
1
_a
slo
044
_a
xo
_c
SK
958
_a
APR
999
_c
22231
_d
22231